[Event "FRA-ch op-C"]
[Site "Aix les Bains"]
[Date "2007.08.21"]
[Round "8"]
[White "Perradin, Vincent"]
[Black "Raggini, Bernard"]
[Result "1-0"]
[WhiteElo "1780"]
[BlackElo "1736"]
[PlyCount "73"]
[EventDate "2007.08.13"]
[EventType "swiss"]
[EventRounds "11"]
[EventCountry "FRA"]
[SourceTitle "CBM 120 Extra"]
[Source "ChessBase"]
[SourceDate "2007.11.01"]
[SourceVersion "1"]
[SourceVersionDate "2007.11.01"]
[SourceQuality "1"]

1. e4 e6 2. d4 d5 3. exd5 exd5 4. Bd3 Nf6 5. Ne2 Bd6 6. 0-0 0-0 7. Bf4 Nc6 8. c3 Ne7 9. Bxd6 Qxd6 10. Ng3 Bg4 11. Qc2 Rae8 12. h3 Bd7 13. Nd2 Ng6 14. Nf3 Qf4 15. Ne2 Qd6 16. Ng3 Qf4 17. Ne2 Qh6 18. Rfe1 Nf4 19. Nxf4 Qxf4 20. Ne5 Be6 21. Re3 h6 22. Rae1 Nh5 23. Ng6 fxg6 24. Rxe6 Rxe6 25. Rxe6 g5 26. Re5 Nf6 27. Bg6 g4 28. g3 Qf3 29. Re3 Qxe3 30. fxe3 gxh3 31. Kh2 Ng4+ 32. Kxh3 Nxe3 33. Qe2 Nc4 34. Qe6+ Kh8 35. Qxd5 Nd6 36. Qc5 Rf6 37. Bd3 1-0

[Event "FRA-ch op-C"]
[Site "Aix les Bains"]
[Date "2007.08.17"]
[Round "4"]
[White "Perradin, Vincent"]
[Black "Rigolot, Lucie"]
[Result "1-0"]
[WhiteElo "1780"]
[BlackElo "1677"]
[PlyCount "113"]
[EventDate "2007.08.13"]
[EventType "swiss"]
[EventRounds "11"]
[EventCountry "FRA"]
[SourceTitle "CBM 120 Extra"]
[Source "ChessBase"]
[SourceDate "2007.11.01"]
[SourceVersion "1"]
[SourceVersionDate "2007.11.01"]
[SourceQuality "1"]

1. e4 c5 2. Nf3 d6 3. d4 cxd4 4. Nxd4 Nf6 5. Nc3 a6 6. Bg5 e6 7. Qd2 Be7 8. Be2 Qc7 9. f3 b5 10. h4 Bb7 11. 0-0-0 Nbd7 12. Bd3 Nc5 13. Kb1 Rb8 14. Nb3 b4 15. Ne2 Nxd3 16. cxd3 a5 17. Rc1 Qb6 18. Be3 Qa6 19. Nbd4 Nd7 20. g3 Nc5 21. Rhd1 a4 22. f4 Rc8 23. Qxb4 Nxd3 24. Rxc8+ Bxc8 25. Qb5+ Qxb5 26. Nxb5 Nc5 27. e5 Ne4 28. Nxd6+ Nxd6 29. exd6 Bf6 30. Bd4 Bxd4 31. Rxd4 Kd7 32. Nc3 Bb7 33. Nxa4 Bd5 34. Nb6+ Kxd6 35. Nxd5 exd5 36. Kc2 Rc8+ 37. Kd2 Kc5 38. Rd3 Rd8 39. Re3 Rb8 40. Kc2 Rb7 41. a3 Kd4 42. Rd3+ Ke4 43. a4 Ra7 44. Ra3 d4 45. b4 Rc7+ 46. Kd2 Rc4 47. Rb3 d3 48. Rb2 Kd4 49. a5 Rc8 50. b5 Rb8 51. b6 Kc5 52. b7 Kc6 53. a6 Kc7 54. Rb1 Kc6 55. a7 Rxb7 56. a8Q Kd6 57. Qxb7 1-0

[Event "FRA-ch op-C"]
[Site "Aix les Bains"]
[Date "2007.08.15"]
[Round "2"]
[White "Perradin, Vincent"]
[Black "Oges, Helene"]
[Result "1/2-1/2"]
[WhiteElo "1780"]
[BlackElo "1650"]
[PlyCount "89"]
[EventDate "2007.08.13"]
[EventType "swiss"]
[EventRounds "11"]
[EventCountry "FRA"]
[SourceTitle "CBM 120 Extra"]
[Source "ChessBase"]
[SourceDate "2007.11.01"]
[SourceVersion "1"]
[SourceVersionDate "2007.11.01"]
[SourceQuality "1"]

1. e4 e5 2. Nf3 Nc6 3. Bb5 Nge7 4. 0-0 g6 5. c3 Bg7 6. d4 exd4 7. Nxd4 Nxd4 8. cxd4 c6 9. Ba4 0-0 10. Be3 d5 11. e5 f6 12. f4 Qb6 13. Qd2 fxe5 14. dxe5 Qa6 15. Nc3 b5 16. Bb3 Be6 17. Ne4 Qc8 18. Ng5 Kh8 19. Bc5 Qd7 20. Qe1 h6 21. Nxe6 Qxe6 22. Bc2 Rf7 23. Qb4 Nf5 24. Rf2 a5 25. Qa3 Rd7 26. Qh3 Rf7 27. Re1 Re8 28. Rf3 h5 29. Rd1 Nh6 30. Rdf1 Ng4 31. Rg3 Bxe5 32. fxe5 Rxf1+ 33. Kxf1 Qxe5 34. Bd4 Rf8+ 35. Rf3 Rxf3+ 36. gxf3 Ne3+ 37. Bxe3 Qxe3 38. Qc8+ Kg7 39. Qd7+ Kh6 40. Qxc6 Qxf3+ 41. Kg1 Qe3+ 42. Kg2 Qe2+ 43. Kg3 Qe3+ 44. Kg2 Qe2+ 45. Kg1 1/2-1/2